000 01436nam a2200337 4500
003 EG-GICUC
005 20260121101146.0
008 251105s1954 ua ||||fr|||| 00| 0 ara d
040 _a EG-GICUC
_bara
_c EG-GICUC
_d EG-GICUC
_erda
041 0 _aara
082 0 4 _221
_a341.83
_bع ز . ق
092 0 4 _221
099 _aLaw1 12 341.83 ع ز . ق 2 ed - 1954
100 0 _aعز الدين عبد الله
_eمؤلف.
245 1 2 _aالقانون الدولي الخاص المصري:
_nالجزء الثاني،
_pفي تنازع القوانين وتنازع الاختصاص القضائي الدوليين /
_cعز الدين عبد الله.
250 _aالطبعة الثانية
264 1 _aالقاهرة :
_bمكتبة النهضة المصرية،
_c1954.
300 _a770؛صفحة
_c24 سم
336 _2rda content
_atext
337 _2rda media
_aComputer
338 _2rda carrier
_aOnline Resource
504 _aيحتوي على اراجاعات ببليوجرافية
546 _aالنص أغلبه باللغة العربية مع بعض النصوص الفرنسية
650 1 4 _aالقانون الدولى الخاص
_zمصر
_2qrmak
650 1 4 _aتنازع القوانين
_2qrmak
650 1 4 _aتنازع الاختصاص القضائي
_2qrmak
651 1 _2qrmak
856 4 0 _uhttps://fll.law.cu.edu.eg/fulltext/bks/B12-00500.pdf
905 _aRawan khaled
942 _2ddc
_n0
_cBK
_e21
999 _c41122
_d41122